| 000 | 00657nam a22001697a 4500 | ||
|---|---|---|---|
| 003 | MACL | ||
| 005 | 20150705164000.0 | ||
| 008 | 150705b xxu||||| |||| 00| 0 eng d | ||
| 040 | _cMACL | ||
| 041 | _aHindi | ||
| 082 | _a741.642 | ||
| 100 |
_468/5 _aचंदर, सुभाष _9984 |
||
| 245 | _aबजरंगी की बारात/रामसजीवन की मां/ अच्छा भोजन/बात अांख की/बाम्बी | ||
| 260 |
_aनई दिल्ली _bनेशनल बुक ट्रस्ट _c2006 |
||
| 650 |
_aचिल्ड्रन बुक्स _9343 |
||
| 942 |
_2ddc _cHIN |
||
| 999 |
_c50028 _d50028 |
||